Sports Quiz

Random Sports or Golf Quiz

Golf Playoff Losers Quiz Stats

 Plays Quiz Updated Feb 7, 2020

Support Sporcle.
Go Orange.
Score 0/14 Timer 03:00
1 Play Today
Losses Golfer % Correct
US Open 1984, Masters 1987, British Open 1989, PGA 1993Greg Norman
71.9%
US Open 1962, 1963 & 1966Arnold Palmer
68.9%
PGA 1978, Masters 1979, British Open 2009Tom Watson
62.2%
British Open 1933, PGA 1934, Masters 1935, US Open 1939Craig Wood
48.2%
Masters 1942 & 1954, US Open 1955Ben Hogan
46%
PGA 1996, Masters 2009Kenny Perry
44%
US Open 1925 & 1928Bobby Jones
39.9%
Losses Golfer % Correct
Masters 2012, Open 2015Louis Oosthuizen
38.9%
PGA 2004, Masters 2005Chris DiMarco
31.6%
US Open 1994, PGA 1995Colin Montgomerie
28.4%
British Open 1999, PGA 2004Justin Leonard
25.9%
PGA 1939 & 1941, US Open 1946Byron Nelson
25.6%
Masters 1970, PGA 1977Gene Littler
3.6%
US Open 1911 & 1918Mike Brady
1%

From the Vault

Fictional Characters Who Are Grey

by SporcleEXP

Don't worry, there aren't 50 shades of characters on this quiz, just 15 cute characters that look a little bit depressed.
Remove Ads.
Support Sporcle.
Get the best of Sporcle when you Go Orange. This ad-free experience offers more features, more stats, and more fun while also helping to support Sporcle. Thank you for becoming a member.

Show Comments

Extras

Top Quizzes Today


Score Distribution

Your Account Isn't Verified!

In order to create a playlist on Sporcle, you need to verify the email address you used during registration. Go to your Sporcle Settings to finish the process.

Report this User

Report this user for behavior that violates our Community Guidelines.

Details: